Statistics for WWE Smackdown Tag Team Champions

Click here to take the quiz!

General Stats

  • This quiz has been taken 108 times
  • The average score is 5 of 6

Answer Stats

Title ReignTag Team% Correct
July 23, 2017 - August 20, 2017The New Day
93%
March 21, 2017 - July 23, 2017The Usos
91%
August 20, 2017 - September 12, 2017The Usos
91%
October 8, 2017 - CurrentThe Usos
91%
September 12, 2017 - October 8, 2017The New Day
51%
December 27, 2016 - March 21, 2017American Alpha
42%

Score Distribution

Percentile by Number Answered

Percent of People with Each Score

Your Score History

You have not taken this quiz